FAŠÁNEK, Michal hospodársky pracovník, energetik (13. 9. 1929 Gondovo, okr. Levice - 17. 8. 1979 Tlmače, okr. Levice)

Podrobná bibliografia
Médium: Článok
Jazyk:slovenčina
Predmet:

MARC

LEADER 00000naa a2200000uu 4500
001 vtls010916901
003 SK-MaSNL
005 20260302131514.0
008 220808|1987 xo |||||||||||||||||slo|
015 |a SNBRA 
035 |a (urnnbn)urn:nbn:sk:snk:ar-a0cwpe 
035 |a (uuid)30464ed0-e925-4834-8f3a-daa56e7d85d3 
035 |a urn:nbn:sk:snk-aatlex 
040 |a SNKBUCL  |b slo  |c SNKBUCL  |e AACR2 
041 0 |a slo 
044 |a xo  |c SK 
245 0 0 |a FAŠÁNEK, Michal  |b hospodársky pracovník, energetik (13. 9. 1929 Gondovo, okr. Levice - 17. 8. 1979 Tlmače, okr. Levice) 
655 7 |a biografické heslá  |2 SNKPH  |9 368942 
773 0 |t Slovenský biografický slovník : (od roku 833 do roku 1990). II. zväzok, E-J  |d Martin : Matica slovenská, 1987  |g S. 58-59 
954 |a odborná, vedecká literatúra pôvodná (slovenská)  |2 lita 
958 |a BX 
958 |a OND 
958 |a chapter 
958 |a article25 
999 |c 1308024  |d 1309954